01635cam a22003255i 450000100090000000300090000900500170001800800410003502000420007604000430011808200210016124500760018226400660025826400100032430000440033433600260037833700280040433800270043250400520045952004940051165000230100565000240102865000320105265300220108465500240110670000230113094200120115399900170116595201270118218237244EG-ScBUE20260308092437.0140721t2015 flua f b 001 0 eng d a9781466586291 (hardback : alk. paper) aEG-ScBUEbengerdacEG-ScBUEdEG-ScBUE04a570.282bOPT22200aOptical nanoscopy and novel microscopy techniques /cedited by Peng Xi. 1aBoca Raton, FL :bCRC Press / Taylor & Francis Group,c[2015] 4cc2015 axi, 249 pages :billustrations ;c25 cm 2rdacontentatextbtxt aunmediated2rdamediabn avolumebnc2rdacarrier aIncludes bibliographical references and index.  a"Many new methods in light and super-resolution microscopy have been developed over the last few years. This edited volume overviews the latest advances in microscopy, complete with experimental methods and data analysis of the results. Each chapter begins with a brief description of the principles of the technique for clarity and concludes with a set of problems. Cutting-edge microscopy techniques presented include STED, PALM/STORM, and light sheet microscopy"--Provided by publisher. 7aMicroscopy.2BUEsh 7aMicroscopes.2BUEsh 7aNanotechnology.2BUEsh9519 bENGELCcMarch2016 vReading book9342321 aXi, Peng,eeditor. 2ddccBB c21373d21345 00102ddc40708BaccahaMAINbMAINc1STd2016-03-13ePurchaseg650.00l0o570.282 OPTp000032007r2025-07-15 00:00:00yBB